| 000 | 01332cam a2200337 i 4500 | ||
|---|---|---|---|
| 001 | 200463981 | ||
| 003 | TR-AnTOB | ||
| 005 | 20250218112843.0 | ||
| 007 | ta | ||
| 008 | 250218s2017 tu a d 000 e tur d | ||
| 020 |
_a9786058258907 _q(paperback) |
||
| 040 |
_aMFF _beng _erda _cMEF _dTR-AnTOB |
||
| 041 | 0 | _atur | |
| 050 | 0 | 0 |
_aQ171 _b.K37 2017 |
| 090 |
_aQ171 _b.K37 2017 |
||
| 100 | 1 |
_aKaptan, Kubilay _eauthor _9148148 |
|
| 245 | 1 | 0 |
_aYansımalar / _cKubilay Kaptan. |
| 250 | _a1. Basım: Eylül 2017 | ||
| 264 | 1 |
_aİstanbul : _bÇalı Adam Yayınları, _c2017. |
|
| 300 |
_a438 pages : _billustrations, charts ; _c21 cm |
||
| 336 |
_atext _btxt _2rdacontent |
||
| 337 |
_aunmediated _bn _2rdamedia |
||
| 338 |
_avolume _bnc _2rdacarrier |
||
| 504 | _aBIB | ||
| 520 | _aİnsanlanan Evren Evren "insanlandı " ve derimnliklerine bir habis ur yerleşmiş oldu. Gezegenin ritmine uygun yaşamayı unutmakla kalmadık , bunun bir zamanlar insanları idare eden yapıların ilk amcı olduğunu da unuttuk. Bugün , öneki kuşakların attığı temeller üzerinde dursakta , yüce bir konun olmayan bu noktaya gelmek insanlığa mal oluyor... | ||
| 650 | 7 |
_aBilim _2etuturkob _927209 |
|
| 650 | 7 |
_aİnsanoğlu _2etuturkob _957477 |
|
| 650 | 7 |
_aUygarlık _2etuturkob _928096 |
|
| 942 |
_2lcc _cBK |
||
| 999 |
_c200463981 _d82193 |
||